The Wiley-Blackwell companion to sociology
Featuring a collection of original chapters by leading and emerging scholars, The Wiley-Blackwell Companion to Sociology presents a comprehensive and balanced overview of the major topics and emerging trends in the discipline of sociology today. Features original chapters contributed by an internati...
Αποθηκεύτηκε σε:
| Μορφή: | Βιβλίο |
|---|---|
| Γλώσσα: | Undetermined |
| Έκδοση: |
Chichester, West Sussex, U.K.
Wiley Blackwell
2016
|
| Θέματα: | |
| Ετικέτες: |
Προσθήκη ετικέτας
Δεν υπάρχουν, Καταχωρήστε ετικέτα πρώτοι!
|
| Thư viện lưu trữ: | Trung tâm Học liệu Trường Đại học Cần Thơ |
|---|
| LEADER | 00971nam a2200193Ia 4500 | ||
|---|---|---|---|
| 001 | CTU_230174 | ||
| 008 | 210402s9999 xx 000 0 und d | ||
| 020 | |c 1880000 | ||
| 082 | |a 301 | ||
| 082 | |b W676 | ||
| 245 | 4 | |a The Wiley-Blackwell companion to sociology | |
| 245 | 0 | |c Edited by George Ritzer | |
| 260 | |a Chichester, West Sussex, U.K. | ||
| 260 | |b Wiley Blackwell | ||
| 260 | |c 2016 | ||
| 520 | |a Featuring a collection of original chapters by leading and emerging scholars, The Wiley-Blackwell Companion to Sociology presents a comprehensive and balanced overview of the major topics and emerging trends in the discipline of sociology today. Features original chapters contributed by an international cast of leading and emerging sociology scholars. Represents the most innovative and 'state-of-the-art' thinking about the discipline. | ||
| 650 | |a Xã hội học,Sociology | ||
| 910 | |b dqhieu | ||
| 980 | |a Trung tâm Học liệu Trường Đại học Cần Thơ | ||